000 00688nam a2200229Ia 4500
003 GCL
005 20240530103326.0
008 140319s9999 xx 000 0 ara d
040 _aGCL /
_cGCL
082 0 4 _a320.5
_bهـ ن
100 1 _aهانتنتون صموئيل
245 1 0 _aالنظام السياسى لمجتمعات متغيرة /
_cهانتنتون صموئيل
300 _a308 ص
650 0 4 _aالشيوعية
650 0 4 _aالاشتراكية
650 0 4 _aالسياسة
650 0 4 _aالعلوم السياسية
650 0 4 _aالنظم السياسية
650 0 4 _aالفاشية
700 1 _aسمية فلو عبود(مترجم)
942 _2ddc
_cBK
999 _c38554
_d38554